IV Coloquio de Historia Canario-Americana (1980) / (Record no. 12764)

MARC details
000 -LEADER
campo de control de longitud fija 01072nam a2200301 4500
001 - NÚMERO DE CONTROL
campo de control 12764
003 - IDENTIFICADOR DE NÚMERO DE CONTROL
campo de control ES-MaACL
005 - FECHA Y HORA DE LA ÚLTIMA TRANSACCIÓN
campo de control 20250630235324.0
007 - CAMPO FIJO DE DESCRIPCIÓN FÍSICA--INFORMACIÓN GENERAL
campo de control de longitud fija t|
008 - DATOS DE LONGITUD FIJA--INFORMACIÓN GENERAL
campo de control de longitud fija 000000s1982 sp ||||0| spa j
016 7# - NÚMERO DE CONTROL DE UNA AGENCIA BIBLIOGRÁFICA NACIONAL
Número de control cancelado/no válido IBH8312814
020 ## - NÚMERO INTERNACIONAL ESTÁNDAR DEL LIBRO
Número Internacional Estándar del Libro 84-85628-32-2
040 ## - FUENTE DE CATALOGACIÓN
Centro catalogador/agencia de origen IBH
Lengua de catalogación spa
Centro/agencia transcriptor M-BN-DP
080 ## - NÚMERO DE LA CLASIFICACIÓN DECIMAL UNIVERSAL
Número de la Clasificación Decimal Universal 964.9:061.3(100)"1980"
080 ## - NÚMERO DE LA CLASIFICACIÓN DECIMAL UNIVERSAL
Número de la Clasificación Decimal Universal 97/98:061.3(100)"1980"
111 2# - ENTRADA PRINCIPAL--NOMBRE DE CONGRESO/REUNIÓN
Nombre de congreso/reunión o jurisdicción como elemento de entrada Coloquio de Historia Canario-Americana (
Número del congreso/reunión o número de parte o sección 4º.
Fecha del congreso o de la firma del tratado 1980.
Sede del congreso/Lugar de la reunión Las Palmas de Gran Canaria)
9 (RLIN) 88
245 10 - MENCIÓN DEL TÍTULO
Título IV Coloquio de Historia Canario-Americana (1980) /
Mención de responsabilidad, etc. coordinación y prólogo de Francisco Morales Padrón.
260 ## - PUBLICACIÓN, DISTRIBUCIÓN, ETC.
Lugar de publicación, distribución, etc. [Las Palmas] :
Nombre del editor, distribuidor, etc. Cabildo Insular de Gran Canaria,
Fecha de publicación, distribución, etc. 1982.
300 ## - DESCRIPCIÓN FÍSICA
Extensión 2 v. ;
Dimensiones 25 cm.
500 ## - NOTA GENERAL
Nota general Indices.
504 ## - NOTA DE BIBLIOGRAFÍA, ETC.
Nota de bibliografía, etc. Bibliografía.
651 #4 - PUNTO DE ACCESO ADICIONAL DE MATERIA--NOMBRE GEOGRÁFICO
Nombre geográfico Canarias-
Subdivisión general Historia-
Subdivisión de forma Congresos y asambleas.
9 (RLIN) 7950
651 #4 - PUNTO DE ACCESO ADICIONAL DE MATERIA--NOMBRE GEOGRÁFICO
Nombre geográfico América-
Subdivisión general Historia-
Subdivisión de forma Congresos y asambleas.
9 (RLIN) 7704
700 1# - ENTRADA AGREGADA--NOMBRE PERSONAL
Nombre de persona Morales Padrón, Francisco,
Fechas asociadas al nombre 1924-2010
9 (RLIN) 83066
710 1# - ENTRADA AGREGADA--NOMBRE DE ENTIDAD CORPORATIVA
Nombre de entidad corporativa o nombre de jurisdicción como elemento de entrada Gran Canaria.
Unidad subordinada Cabildo Insular.
9 (RLIN) 2264
852 ## - LOCALIZACIÓN
Ubicación ES-MaACL
Número de control de estantería L-19989-90
Holdings
Estatus retirado Estado de pérdida Estado de daño No para préstamo Biblioteca de origen Biblioteca actual Ubicación en estantería Fecha de adquisición Fuente de adquisición Total de préstamos Signatura topográfica completa Código de barras Visto por última vez Precio de reemplazo Tipo de ítem Koha
        Biblioteca del Ateneo de Madrid Biblioteca del Ateneo de Madrid Depósito 2 17/01/2008     L-19989-90 1013002 23/02/2023 23/02/2023 Libro impreso